| 000 -ლიდერი |
| ფიქსირებული სიგრძის საკონტროლო ველი |
01510nam a22002177a 4500 |
| 003 - საკონტროლო ნომრის იდენტიფიკატორი |
| საკონტროლო ველი |
Ge_BSU |
| 005 - ბოლო ოპერაციის თარიღი და დრო |
| საკონტროლო ველი |
20210427124358.0 |
| 008 - ფიქსირებული სიგრძის მონაცემთა ელემენტები - ზოგადი ინფორმაცია |
| ფიქსირებული სიგრძის საკონტროლო ველი |
200825s2016 ge ||||| |||| 00| 0 geo d |
| 020 ## - წიგნის საერთაშორისო სტანდარტული ნომერი |
| International Standard Book Number |
9789941947742 |
| 041 ## - ენის კოდი |
| Language code of text/sound track or separate title |
geo |
| 080 ## - უნივერსალური ათობითი კლასიფიკაციის ინდექსი |
| Universal Decimal Classification number |
347.721(479.22) ც-43 |
| 100 ## - მთავარი ჩანაწერი - პიროვნების სახელი |
| Personal name |
ცერცვაძე, ლაშა. |
| 9 (RLIN) |
9307 |
| 245 ## - ცნობა სათაურის შესახებ |
| Title |
დირექტორატის მოვალეობები კომპანიების შერწყმისას და საკონტროლო პაკეტის გასხვისებისას : |
| Remainder of title |
(შედარებით-სამართლებრივი ანალიზი) / |
| Statement of responsibility, etc |
ლაშა ცერცვაძე ; სამეცნ.ხელმძღ. ირაკლი ბურდული. |
| 264 ## - წარმოების, გამოცემის, დისტრიბუციის და სხვა ცნობები |
| გამოცემის, წარმოების, დისტრიბუციის... ადგილი |
თბილისი : |
| გამოცემის, წარმოების, დისტრიბუციის... სახელწოდება |
იურისტების სამყარო, |
| გამოცემის, წარმოების, დისტრიბუციის... თარიღი |
2016. |
| 300 ## - ფიზიკური აღწერა |
| Extent |
340 გვ. ; |
| Other physical details |
20 სმ. |
| 500 ## - ზოგადი შენიშვნა |
| General note |
თავფურ. მე-3 გვერდი ინგლ. ენაზე. |
| 653 ## - INDEX TERM--UNCONTROLLED |
| Uncontrolled term |
კორპორაციული სამართალი საქართველოში |
| 700 ## - ADDED ENTRY--PERSONAL NAME |
| Personal name |
ბურდული, ირაკლი |
| Relator term |
სამეცნ. ხელმძღვანელი |
| 9 (RLIN) |
7029 |
| 710 ## - ADDED ENTRY--CORPORATE NAME |
| Corporate name or jurisdiction name as entry element |
საკორპორაციო, საბანკო და ეკონომიკური სამართლის ინ-ტი. |
| 9 (RLIN) |
9308 |
| Subordinate unit |
თსუ. იურიდიული ფაკ-ტი. |
| 942 ## - ADDED ENTRY ELEMENTS (KOHA) |
| Source of classification or shelving scheme |
|
| Koha item type |
წიგნი |